Väärät liput vastaan oikeat liput #1 - Äkkikuolema - Statistics

Yleistilastot
  • Tätä visaa on pelattu 374 kertaa
    342 viimeisimmän päivityksen jälkeen
  • Keskiarvotulos 4 / 10
Answers on the Grid
Answers color-coded by a green-red scale on the quiz's grid according to % correct below.
Trulli
Trulli
Trulli
Trulli
Trulli
Trulli
Trulli
Trulli
Trulli
Trulli
Trulli
Trulli
Trulli
Trulli
Trulli
Trulli
Trulli
Trulli
Trulli
Trulli
 
Vastaustilastot
Vastaus % Oikein
Trulli
95%
Trulli
89%
Trulli
61%
Trulli
42%
Trulli
41%
Trulli
40%
Trulli
27%
Trulli
20%
Trulli
18%
Trulli
13%
Ehtoja vastaavia visoja ei löytynyt
Tulosjakauma
Jokaisen tuloksen saaneiden osuus
Persentiili vastausten määrän mukaan
Tuloshistoriasi
Et ole pelannut tätä visaa sen viimeisimmän päivityksen jälkeen